| 000 | 00927nam a22001697a 4500 | ||
|---|---|---|---|
| 005 | 20241010085536.0 | ||
| 008 | 241010b ||||| |||| 00| 0 eng d | ||
| 040 | _cSSBUL | ||
| 082 |
_223 _a၂၉၄.၃၄၃၅၀၉ ကော _b၁၃၁၆၉ S-SAT |
||
| 100 | 0 |
_aကောသလ္လ၊ အရှင်။ _954149 |
|
| 245 | 1 |
_aသမိုင်းဝင် ဗျာဒိတ်တော်ရ(ဒွါရာဝတီ) သံတွဲမြို့ ရွှေအံတော်စေတီသမိုင်း / _cအရှင်ကောသလ္လ။ |
|
| 260 |
_aရန်ကုန် ၊ _bမြစ်သာပုံနှိပ်တိုက်၊ _c၁၉၈၈။ |
||
| 300 |
_aဇ၊ ၁၃၂ စာမျက်နှာ ၊ _c၁၈ စင်တီ။ |
||
| 500 | _aS-SAT: Dr. Sai Aung Tun | ||
| 650 |
_aရွှေအံတော််စေတီ _vသမိုင်း _954992 |
||
| 942 |
_2ddc _cBK1 |
||
| 999 |
_c40965 _d40965 |
||